[Event "SRB-chT 2nd League"]
[Site "Novi Sad"]
[Date "2023.11.06"]
[Round "7.2"]
[White "Levitan, Caleb Levi"]
[Black "Mijatovic, Dusan"]
[Result "1/2-1/2"]
[WhiteElo "2334"]
[BlackElo "2141"]
[PlyCount "43"]
[EventDate "2023.11.02"]
[EventType "team-tourn"]
[EventRounds "11"]
[EventCountry "SRB"]
[SourceTitle "CB46_2023"]
[SourceDate "2023.11.15"]
[SourceVersion "1"]
[SourceVersionDate "2023.11.15"]
[SourceQuality "1"]
[WhiteTeam "Car Uros Jazak"]
[BlackTeam "Stara Pazova"]
[WhiteTeamCountry "SRB"]
[BlackTeamCountry "SRB"]

1. e4 e6 2. d4 d5 3. Nc3 Bb4 4. e5 c5 5. Bd2 Ne7 6. Nb5 Bxd2+ 7. Qxd2 0-0 8. f4 Bd7 9. Nd6 cxd4 10. Nf3 Nbc6 11. Bd3 f6 12. 0-0 fxe5 13. fxe5 Rxf3 14. Rxf3 Nxe5 15. Rh3 N7g6 16. Nxb7 Qc7 17. Na5 Nxd3 18. cxd3 e5 19. Rg3 Nf4 20. Nb3 a5 21. Re1 Bb5 22. Rf3 1/2-1/2

[Event "Arandjelovac op 2nd"]
[Site "Arandjelovac"]
[Date "2023.08.02"]
[Round "4"]
[White "Mijatovic, Dusan"]
[Black "Kolchin, Maxim"]
[Result "0-1"]
[WhiteElo "2173"]
[BlackElo "2193"]
[PlyCount "88"]
[EventDate "2023.07.31"]
[EventType "swiss"]
[EventRounds "9"]
[EventCountry "SRB"]
[SourceTitle "CBM 215 Extra"]
[Source "ChessBase"]
[SourceDate "2023.09.30"]
[SourceVersion "1"]
[SourceVersionDate "2023.09.30"]
[SourceQuality "1"]

1. e4 c6 2. Nf3 d5 3. Nc3 Bg4 4. h3 Bxf3 5. Qxf3 e6 6. g3 Nd7 7. Bg2 d4 8. Nb1 Ne5 9. Qh5 Qa5 10. 0-0 Nf6 11. Qd1 d3 12. cxd3 Nxd3 13. Qb3 0-0-0 14. Na3 Bc5 15. Nc4 Qc7 16. e5 Nxe5 17. Nxe5 Qxe5 18. d4 Bxd4 19. Bf4 Qc5 20. Rac1 Qb6 21. Qa4 Nd5 22. Bd2 Be5 23. b4 Nc7 24. Rc2 Rd3 25. Kh1 Rhd8 26. Be3 Bd4 27. Bg5 f6 28. Bc1 Qb5 29. Qxb5 Nxb5 30. a4 Nc3 31. b5 c5 32. Bd2 Nd5 33. Be4 Ra3 34. a5 f5 35. Bg2 Rb3 36. b6 axb6 37. axb6 Nxb6 38. Ba5 Rd6 39. Rd1 Kb8 40. Bc3 e5 41. Bxd4 Rxd4 42. Re1 Nd7 43. Kg1 e4 44. Bf1 Ne5 0-1

[Event "Arandjelovac op 2nd"]
[Site "Arandjelovac"]
[Date "2023.07.31"]
[Round "1"]
[White "Lyutsinger, Iren"]
[Black "Mijatovic, Dusan"]
[Result "1-0"]
[WhiteElo "1955"]
[BlackElo "2173"]
[PlyCount "95"]
[EventDate "2023.07.31"]
[EventType "swiss"]
[EventRounds "9"]
[EventCountry "SRB"]
[SourceTitle "CBM 215 Extra"]
[Source "ChessBase"]
[SourceDate "2023.09.30"]
[SourceVersion "1"]
[SourceVersionDate "2023.09.30"]
[SourceQuality "1"]

1. e4 e6 2. Nf3 d5 3. e5 c5 4. b4 d4 5. bxc5 Bxc5 6. Ba3 Qa5 7. Qe2 Bd7 8. Bxc5 Qxc5 9. Qc4 Qxc4 10. Bxc4 Nc6 11. Bd3 Nge7 12. Na3 0-0 13. Nb5 Ng6 14. Bxg6 fxg6 15. Nbxd4 Nxd4 16. Nxd4 Rf4 17. Ne2 Re4 18. f4 g5 19. g3 gxf4 20. gxf4 Rc8 21. d3 Re3 22. Kd2 Rh3 23. Nd4 Rf8 24. Raf1 Bc6 25. Nxc6 bxc6 26. Kc3 Rh4 27. Kc4 Rhxf4+ 28. Rxf4 Rxf4+ 29. Kc5 g5 30. Kxc6 h5 31. c4 g4 32. c5 Kf7 33. Kb7 Rb4+ 34. Kc8 Ke7 35. c6 h4 36. Rg1 h3 37. c7 a5 38. a3 Rb2 39. Rxg4 Rxh2 40. Rg7+ Ke8 41. Kb7 Rb2+ 42. Kc6 Rc2+ 43. Kd6 h2 44. Rh7 Rc3 45. Rxh2 Kf7 46. Rh7+ Kg6 47. Rh8 Rxd3+ 48. Kxe6 1-0

[Event "Belgrade-chT Quality"]
[Site "Belgrade"]
[Date "2022.10.10"]
[Round "9.1"]
[White "Srdanovic, Jovana"]
[Black "Mijatovic, Dusan"]
[Result "1-0"]
[WhiteElo "2172"]
[BlackElo "2173"]
[PlyCount "69"]
[EventDate "2022.10.01"]
[EventType "team-tourn"]
[EventRounds "11"]
[EventCountry "SRB"]
[SourceTitle "EXT 2024"]
[Source "ChessBase"]
[SourceDate "2023.10.10"]
[SourceVersion "1"]
[SourceVersionDate "2023.10.10"]
[SourceQuality "1"]
[WhiteTeam "Belgrade Belgrade"]
[BlackTeam "Belgrade Mirijevo"]
[WhiteTeamCountry "SRB"]
[BlackTeamCountry "SRB"]

1. d4 Nf6 2. Nf3 g6 3. Nbd2 d5 4. b4 Bg7 5. e3 a5 6. b5 a4 7. Ba3 c6 8. c4 0-0 9. Be2 Re8 10. 0-0 Qa5 11. Rb1 Bf5 12. Bb4 Qd8 13. Rc1 Nbd7 14. bxc6 bxc6 15. a3 e5 16. cxd5 Nxd5 17. Bd6 exd4 18. Nxd4 Bxd4 19. exd4 Qf6 20. Nc4 Re6 21. Be5 Qe7 22. Bf3 f6 23. Bg3 Ra6 24. Bxd5 cxd5 25. Ne3 Be4 26. Rc7 Qd8 27. f3 Ne5 28. Qc1 Rac6 29. Rxc6 Rxc6 30. Qd1 Bd3 31. Re1 Rc3 32. dxe5 d4 33. Ng4 fxe5 34. Bxe5 Rxa3 35. Qc1 1-0

[Event "Belgrade-chT Quality"]
[Site "Belgrade"]
[Date "2022.10.07"]
[Round "6.1"]
[White "Mijatovic, Dusan"]
[Black "Maksimovic, Bojan"]
[Result "0-1"]
[WhiteElo "2173"]
[BlackElo "2468"]
[PlyCount "116"]
[EventDate "2022.10.01"]
[EventType "team-tourn"]
[EventRounds "11"]
[EventCountry "SRB"]
[SourceTitle "CBM 210 Extra"]
[Source "ChessBase"]
[SourceDate "2022.11.30"]
[SourceVersion "1"]
[SourceVersionDate "2022.11.30"]
[SourceQuality "1"]
[WhiteTeam "Belgrade Mirijevo"]
[BlackTeam "Belgrade Turbina"]
[WhiteTeamCountry "SRB"]
[BlackTeamCountry "SRB"]

1. e4 g6 2. d4 Bg7 3. Nc3 d6 4. Be3 a6 5. a4 Nf6 6. h3 b6 7. g4 Bb7 8. Bg2 c5 9. d5 Nbd7 10. Nge2 b5 11. axb5 axb5 12. Nxb5 Rxa1 13. Qxa1 Qb6 14. Nec3 0-0 15. Qa7 Ra8 16. Qxb6 Nxb6 17. b3 h5 18. g5 Nfd7 19. Kd2 Ra5 20. Rb1 Ba6 21. Nc7 Ne5 22. Nxa6 Rxa6 23. f4 Nec4+ 24. bxc4 Nxc4+ 25. Kd3 Nxe3 26. Rb8+ Kh7 27. Kxe3 Bxc3 28. Rb7 Bd4+ 29. Kd2 Ra3 30. Rxe7 Rg3 31. Rxf7+ Kg8 32. Rd7 Be3+ 33. Ke2 Bxf4 34. Bf1 Rxg5 35. Kf2 Bg3+ 36. Kf3 Be5 37. c4 Rg3+ 38. Kf2 Rc3 39. Re7 Kf8 40. Rd7 Bd4+ 41. Ke2 Be5 42. Kf2 Ke8 43. Rh7 Bd4+ 44. Kg2 Rc2+ 45. Kg3 Kf8 46. Rd7 Rf2 47. Bd3 h4+ 48. Kg4 Rg2+ 49. Kf3 Rg3+ 50. Ke2 Be5 51. Bc2 Rxh3 52. Ba4 Rc3 53. Rh7 h3 54. Kd2 Rxc4 55. Bd7 h2 56. Be6 Rxe4 57. Rf7+ Ke8 58. Rh7 g5 0-1

[Event "Novi Sad Serbia op-A"]
[Site "Novi Sad"]
[Date "2022.06.30"]
[Round "3"]
[White "Mijatovic, Dusan"]
[Black "Neelash, Saha"]
[Result "0-1"]
[WhiteElo "2225"]
[BlackElo "2446"]
[PlyCount "98"]
[EventDate "2022.06.28"]
[EventType "swiss"]
[EventRounds "9"]
[EventCountry "SRB"]
[SourceTitle "EXT 2023"]
[Source "ChessBase"]
[SourceDate "2022.10.05"]
[SourceVersion "1"]
[SourceVersionDate "2022.10.05"]
[SourceQuality "1"]

1. e4 c5 2. Nf3 d6 3. Bb5+ Nd7 4. 0-0 a6 5. Bxd7+ Bxd7 6. d4 cxd4 7. Qxd4 e5 8. Qd3 Rc8 9. Nc3 h6 10. Rd1 Nf6 11. Nh4 Be7 12. Nf5 Bxf5 13. exf5 0-0 14. Be3 Rc6 15. Nd5 Nxd5 16. Qxd5 Qc8 17. Qf3 Rxc2 18. Bxh6 gxh6 19. f6 Bxf6 20. Qxf6 Qe6 21. Rxd6 Qxf6 22. Rxf6 Rxb2 23. Rxh6 Rd8 24. h3 Rdd2 25. Rf6 Kg7 26. Rf5 Kg6 27. g4 Rxa2 28. Rc1 Rac2 29. Rb1 Rb2 30. Rc1 f6 31. Rc7 Rd4 32. Kg2 Rf4 33. Rxf4 exf4 34. Kf3 a5 35. h4 a4 36. Rc4 a3 37. Ra4 a2 38. Kxf4 Rb4+ 39. Rxb4 a1Q 40. h5+ Kh6 41. Re4 b5 42. Kf5 Qb1 43. f4 Qd3 44. g5+ fxg5 45. fxg5+ Kxh5 46. g6 Qf3+ 47. Ke5 Kxg6 48. Kd4 b4 49. Re3 Qf2 0-1

[Event "Vojvodina-chT 21st"]
[Site "Backa Palanka"]
[Date "2021.10.30"]
[Round "11.2"]
[White "Gagic, Milan A"]
[Black "Mijatovic, Dusan"]
[Result "1-0"]
[WhiteElo "2225"]
[BlackElo "2073"]
[PlyCount "75"]
[EventDate "2021.10.23"]
[EventType "team-tourn"]
[EventRounds "11"]
[EventCountry "SRB"]
[SourceTitle "EXT 2023"]
[Source "ChessBase"]
[SourceDate "2022.10.05"]
[SourceVersion "1"]
[SourceVersionDate "2022.10.05"]
[SourceQuality "1"]
[WhiteTeam "Petrovaradin Kraljica"]
[BlackTeam "Novi Sad Vojvodina"]
[WhiteTeamCountry "SRB"]
[BlackTeamCountry "SRB"]

1. e4 e6 2. d4 d5 3. Nc3 Nf6 4. Bg5 Bb4 5. e5 h6 6. Bh4 g5 7. Bg3 Ne4 8. Nge2 f5 9. f3 Nxc3 10. Nxc3 c5 11. a3 Bxc3+ 12. bxc3 Nc6 13. Qd2 Qa5 14. dxc5 Qxc5 15. h4 f4 16. Bf2 Qe7 17. Bd4 Rf8 18. Bb5 Bd7 19. Qe2 b6 20. Bxc6 Bxc6 21. Kd2 Rg8 22. hxg5 Qxg5 23. Rh2 Kd7 24. Rah1 Rg6 25. Qa6 Kc7 26. a4 Bb7 27. Qb5 Bc6 28. Qb4 Qd8 29. Rxh6 Rxg2+ 30. Kc1 Rc8 31. a5 Kb7 32. Rh7+ Bd7 33. Qd6 Rc7 34. axb6 axb6 35. Qxb6+ Kc8 36. Qa6+ Rb7 37. Rxd7 Qxd7 38. Rh8+ 1-0

[Event "Vojvodina-chT 21st"]
[Site "Backa Palanka"]
[Date "2021.10.25"]
[Round "4.2"]
[White "Mijatovic, Dusan"]
[Black "Balla, Tamas Kristof"]
[Result "1/2-1/2"]
[WhiteElo "2073"]
[BlackElo "2324"]
[PlyCount "58"]
[EventDate "2021.10.23"]
[EventType "team-tourn"]
[EventRounds "11"]
[EventCountry "SRB"]
[SourceTitle "CBM 204 Extra"]
[Source "ChessBase"]
[SourceDate "2021.11.30"]
[SourceVersion "1"]
[SourceVersionDate "2021.11.30"]
[SourceQuality "1"]
[WhiteTeam "Novi Sad Vojvodina"]
[BlackTeam "Senta"]
[WhiteTeamCountry "SRB"]
[BlackTeamCountry "SRB"]

1. e4 c5 2. Nf3 Nc6 3. Bb5 Nf6 4. Bxc6 dxc6 5. d3 Nd7 6. e5 Nb6 7. Nbd2 Bf5 8. b3 e6 9. Bb2 Be7 10. 0-0 g5 11. Nc4 Nd5 12. Nfd2 b5 13. Nd6+ Bxd6 14. exd6 f6 15. Ne4 0-0 16. Qf3 Nf4 17. Nxc5 Qxd6 18. Ne4 Bxe4 19. Qxe4 Qd5 20. Rfe1 Qxe4 21. dxe4 e5 22. Bc1 Ne6 23. Be3 Rfd8 24. Red1 Nd4 25. Rd2 b4 26. Bxd4 exd4 27. f3 a5 28. a3 c5 29. Kf2 Kf7 1/2-1/2